00453nam a22001577a 450000500170000001000150001702000260003203500130005803700130007108200080008410000140009224500700010626000440017627000550022030000200027520140618114807.0 aENG-110195 a9788124117965c595.00 aEN-93727 bDBAD/PUB a881 aDas, J.P. aSelected poems /cby J.P. Das ; translated from the original Odia aNew DelhibHar-Anand Publicationsc2014 aE-49/3, Okhla Indl. Area, Ph-IIbNew Delhie110020 a179p.c22cm(Hb)